The intonation of American English

محفوظ في:
التفاصيل البيبلوغرافية
المؤلف الرئيسي: Pike, Kenneth Lee (مؤلف)
التنسيق: كتاب
اللغة:الإنجليزية
منشور في: Ann Arbor University of Michigan Publications 1965
سلاسل:Linguistics, 1
الموضوعات:
الوسوم: إضافة وسم
لا توجد وسوم, كن أول من يضع وسما على هذه التسجيلة!

MARC

LEADER 00000cam a2200000 a 4500
001 UCF5959
003 CL-VaPUC
008 130404e19650000US |||||||||||||||||eng|d
082 0 4 |a 421.54  |b PIK  |2 21 
100 0 |a Pike, Kenneth Lee  |e author  |9 567985 
245 1 4 |a The intonation of American English 
300 |a 203 p 
942 |c BK 
945 |d 20130404 00:00:00  |a dcastane 
260 |a Ann Arbor  |b University of Michigan Publications  |c 1965 
650 0 |a Lengua inglesa  |9 318842 
650 0 |a Fonética inglesa   |9 567986 
650 7 |a ENTONACION LINGUISTICA  |2 CL-VaPUC  |9 472979 
583 |a last modification  |c 20130404 09:53:00  |k Rodrigo Vera 
490 0 |a Linguistics, 1 
999 |c 351352  |d 351350 
952 |0 0  |1 0  |4 0  |6 421_540000000000000_PIK_1965  |7 0  |8 P  |9 455400  |a BIBEDU  |b BIBEDU  |c BIBEDU_PB  |d 2019-11-22  |i 4809882  |o 421.54 PIK 1965  |p 4809882  |r 2024-01-25  |w 2019-11-22  |y BK  |k LIT